000 00558nam a2200205Ia 4500
003 OSt
005 20251120095338.0
008 210210b1938 xxu||||| |||| 00| 0 eng d
040 _cAL
041 _aKannada
082 _a851/352
100 _aRANGANATHA (Ra D)
_dರಂಗನಾಥ (ರಾ ಡಿ)
_9246473
245 _aHaribhakti sudhe
_b ಹರಿಭಕ್ತಿ ಸುಧೆ
260 _aHubballi
_b-
_c1938
650 _asudhe
_9246474
650 _aHaribhakti
_9246475
690 _aKannada Poetry
_9246476
906 _a018370
942 _2ddc
_cBK
999 _c141492
_d141492